<?xml version="1.0" encoding="UTF-8"?>
<record
    xmlns:xsi="http://www.w3.org/2001/XMLSchema-instance"
    xsi:schemaLocation="http://www.loc.gov/MARC21/slim http://www.loc.gov/standards/marcxml/schema/MARC21slim.xsd"
    xmlns="http://www.loc.gov/MARC21/slim">

  <leader>03136nam a2200361 a 4500</leader>
  <controlfield tag="003">CHAP</controlfield>
  <controlfield tag="005">20250604135207.0</controlfield>
  <controlfield tag="007">ta</controlfield>
  <controlfield tag="008">250127s2024    mx ad||fom||| 001 0 spa d</controlfield>
  <datafield tag="040" ind1=" " ind2=" ">
    <subfield code="e">rda</subfield>
  </datafield>
  <datafield tag="041" ind1=" " ind2=" ">
    <subfield code="a">spa</subfield>
    <subfield code="b">eng</subfield>
  </datafield>
  <datafield tag="100" ind1="1" ind2=" ">
    <subfield code="a">Campos Hern&#xE1;ndez, Zaira Zaylani</subfield>
    <subfield code="9">189929</subfield>
  </datafield>
  <datafield tag="245" ind1="1" ind2=" ">
    <subfield code="a">Plan de mejora propuesto para la cartera vencida en la caja popular tamazula /</subfield>
    <subfield code="c">Zaira Zaylani Campos Hern&#xE1;ndez</subfield>
  </datafield>
  <datafield tag="264" ind1=" " ind2=" ">
    <subfield code="a">Chapingo, M&#xE9;xico :</subfield>
    <subfield code="b">El autor,</subfield>
    <subfield code="c">2024</subfield>
  </datafield>
  <datafield tag="300" ind1=" " ind2=" ">
    <subfield code="a">1 recurso en l&#xED;nea ( 86 p&#xE1;ginas) :</subfield>
    <subfield code="b">ilustraciones, tablas, diagramas, gr&#xE1;ficas</subfield>
  </datafield>
  <datafield tag="336" ind1=" " ind2=" ">
    <subfield code="2">rdacontent</subfield>
    <subfield code="a">texto</subfield>
    <subfield code="b">txt</subfield>
  </datafield>
  <datafield tag="337" ind1=" " ind2=" ">
    <subfield code="2">rdamedia</subfield>
    <subfield code="a">computadora</subfield>
    <subfield code="b">c</subfield>
  </datafield>
  <datafield tag="338" ind1=" " ind2=" ">
    <subfield code="2">rdacarrier</subfield>
    <subfield code="a">recurso en l&#xED;nea</subfield>
    <subfield code="b">cr</subfield>
  </datafield>
  <datafield tag="502" ind1=" " ind2=" ">
    <subfield code="a">Informe de Estancia Preprofesional</subfield>
    <subfield code="b">IA</subfield>
    <subfield code="c">Agroindustrias</subfield>
    <subfield code="d">2024</subfield>
    <subfield code="g">LIC</subfield>
  </datafield>
  <datafield tag="504" ind1=" " ind2=" ">
    <subfield code="a">Incluye bibliograf&#xED;as</subfield>
  </datafield>
  <datafield tag="520" ind1="3" ind2=" ">
    <subfield code="a">En este informe de estancia, se proporciona una descripci&#xF3;n general de los procesos y se ofrecen recomendaciones para abordar el tema de la cartera vencida en la Caja Popular Tamazula. Tambi&#xE9;n se presenta un plan de mejora para enfrentar este desaf&#xED;o financiero. 
La necesidad de este trabajo surgi&#xF3; de la alta morosidad que afect&#xF3; a la Caja Popular Tamazula, especialmente en el departamento de cr&#xE9;dito agr&#xED;cola, donde el &#xED;ndice de morosidad alcanz&#xF3; el 38.57 %, situaci&#xF3;n que impact&#xF3; negativamente en los estados financieros de la instituci&#xF3;n y limit&#xF3; su capacidad para otorgar nuevos cr&#xE9;ditos, amenazando su permanencia. 
Para asegurar la fiabilidad de los resultados y basar las decisiones en evidencias, este trabajo fue estructurado en una metodolog&#xED;a respaldada por el m&#xE9;todo cient&#xED;fico. Se utiliz&#xF3; una muestra representativa con el 97 % de confianza y el 3 % de margen de error, para la investigaci&#xF3;n de gabinete se hizo el an&#xE1;lisis exhaustivo de los expedientes de los cr&#xE9;ditos en cartera vencida, se consideraron los indicadores clave obtenidos y revisados con preguntas divididas en seis categor&#xED;as para facilitar su an&#xE1;lisis. Como parte de la investigaci&#xF3;n, se realiz&#xF3; una encuesta a los socios morosos para conocer la opini&#xF3;n y los supuestos por qu&#xE9; no hab&#xED;an pagado su cr&#xE9;dito. 
Con base en los resultados obtenidos y analizados mediante diagramas de Pareto, se dise&#xF1;&#xF3; un plan de acci&#xF3;n para mejorar las pol&#xED;ticas de la caja, con el prop&#xF3;sito de reducir la cartera vencida. Adem&#xE1;s, se estructur&#xF3; una herramienta que puede apoyar para valorar la eficacia y eficiencia de las propuestas implementadas.</subfield>
  </datafield>
  <datafield tag="650" ind1="1" ind2="3">
    <subfield code="a">Cr&#xE9;dito agr&#xED;cola</subfield>
    <subfield code="2">atg</subfield>
    <subfield code="9">29022</subfield>
  </datafield>
  <datafield tag="650" ind1="1" ind2="3">
    <subfield code="a">Administradora del Cr&#xE9;dito Agr&#xED;cola</subfield>
    <subfield code="2">atg</subfield>
    <subfield code="9">189930</subfield>
  </datafield>
  <datafield tag="650" ind1="1" ind2="3">
    <subfield code="a">Financiaci&#xF3;n agr&#xED;cola  </subfield>
    <subfield code="2">atg</subfield>
    <subfield code="9">147481</subfield>
  </datafield>
  <datafield tag="650" ind1="1" ind2="3">
    <subfield code="a">Agricultural credit  </subfield>
    <subfield code="2">atg</subfield>
    <subfield code="9">147582</subfield>
  </datafield>
  <datafield tag="650" ind1="1" ind2="3">
    <subfield code="a">Farm Credit Administration</subfield>
    <subfield code="2">atg</subfield>
    <subfield code="9">189931</subfield>
  </datafield>
  <datafield tag="650" ind1="1" ind2="3">
    <subfield code="a">Agricultural finance</subfield>
    <subfield code="2">atg</subfield>
    <subfield code="9">147479</subfield>
  </datafield>
  <datafield tag="700" ind1="1" ind2=" ">
    <subfield code="a">L&#xF3;pez Bautista, Vicente</subfield>
    <subfield code="9">147030</subfield>
    <subfield code="e">director</subfield>
  </datafield>
  <datafield tag="700" ind1="1" ind2=" ">
    <subfield code="a">Espejel Garc&#xED;a, Anastacio</subfield>
    <subfield code="9">147446</subfield>
    <subfield code="e">asesor</subfield>
  </datafield>
  <datafield tag="700" ind1="1" ind2=" ">
    <subfield code="a">Toriz Robles, Nancy</subfield>
    <subfield code="9">113948</subfield>
    <subfield code="e">asesora</subfield>
  </datafield>
  <datafield tag="856" ind1=" " ind2=" ">
    <subfield code="y">DESCARGAR PDF</subfield>
    <subfield code="u">http://10.13.5.2/tesis/tl/1510316-5_CAMPOS_HERNANDEZ_ZAIRA_ZAYLANI.pdf</subfield>
  </datafield>
  <datafield tag="942" ind1=" " ind2=" ">
    <subfield code="2">Clasificaci&#xF3;n Universidad Aut&#xF3;noma Chapingo</subfield>
    <subfield code="c">TD</subfield>
  </datafield>
  <datafield tag="999" ind1=" " ind2=" ">
    <subfield code="c">220382</subfield>
    <subfield code="d">220382</subfield>
  </datafield>
  <datafield tag="952" ind1=" " ind2=" ">
    <subfield code="0">0</subfield>
    <subfield code="1">0</subfield>
    <subfield code="2">local</subfield>
    <subfield code="4">0</subfield>
    <subfield code="7">0</subfield>
    <subfield code="8">TesDigL</subfield>
    <subfield code="a">IA_</subfield>
    <subfield code="b">IA_</subfield>
    <subfield code="c">E_L</subfield>
    <subfield code="d">2025-01-27</subfield>
    <subfield code="e">El autor</subfield>
    <subfield code="l">0</subfield>
    <subfield code="p">1201015183</subfield>
    <subfield code="r">2025-01-27 09:44:09</subfield>
    <subfield code="w">2025-01-27</subfield>
    <subfield code="y">TD</subfield>
  </datafield>
  <datafield tag="952" ind1=" " ind2=" ">
    <subfield code="0">0</subfield>
    <subfield code="1">0</subfield>
    <subfield code="2">local</subfield>
    <subfield code="4">0</subfield>
    <subfield code="5">1</subfield>
    <subfield code="7">0</subfield>
    <subfield code="8">TesDigL</subfield>
    <subfield code="a">BD</subfield>
    <subfield code="b">BD</subfield>
    <subfield code="c">E_L</subfield>
    <subfield code="d">2025-06-04</subfield>
    <subfield code="l">0</subfield>
    <subfield code="o">Tesis digital</subfield>
    <subfield code="r">2025-06-04 14:51:32</subfield>
    <subfield code="w">2025-06-04</subfield>
    <subfield code="y">TD</subfield>
  </datafield>
</record>
